000 01009nam a2200337 b 4500
001 00302480
003 DO-SdBPM
005 20250703111751.0
007 ta
008 921221s1988 pr | ||spa d
017 _a
_b
020 _a08658140090
035 _a
040 _aDO-SdBPM
_bspa
_cBPMSU
_erda
082 4 _aPr861.6
_bF314i 1988
_222
100 1 _aFelicino Mendoza, Ester
_eautor
245 1 0 _aIslamar :
_bpoemas y cuentos /
_cEster Feliciano Mendoza
_h
264 _aSan Juan de Puerto Rico :
_bInstituto de Cultura Puertoriqueña,
_c1988
300 _a96 páginas :
_bilustraciones ;
_c26 cm
336 _atexto
_btxt
_2rdacontent
337 _asin mediación
_bn
_2rdamedia
338 _avolument
_bnc
_2rdacarrier
586 _a
590 _aInventariado, 2025/VM
650 7 _aPoesía puertorriqueña
650 7 _aAnimales
_vPoesías.
650 7 _aCuento puertorriqueño
650 7 _aAnimales
_vcuentos
910 _aVMateo V. Control de calidad. BPMSU
942 _2ddc
_cBK
999 _c9811
_d9811